Actors by Picture #2 - Statistics

General Stats
  • This quiz has been taken 193 times
  • The average score is 9 of 20
Answer Stats
Picture Answer % Correct
Jennifer Aniston
94%
Leonardo DiCaprio
92%
Adam Sandler
85%
Meryl Streep
77%
Jack Nicholson
72%
Christian Bale
70%
Adam Driver
69%
Mila Kunis
64%
Gwyneth Paltrow
58%
Kevin Costner
48%
Michael Keaton
43%
Kurt Russell
38%
Gene Hackman
33%
Yul Brynner
22%
Milla Jovovich
19%
Toni Colette
18%
Anthony Perkins
16%
Charlotte Gainsbourg
13%
Kim Novak
1%
John Getz
0%
No matching quizzes found
Score Distribution
Percent of People with Each Score
Percentile by Number Answered
Your Score History
You have not taken this quiz